000 00381nam a2200157Ia 4500
008 221030s9999 xx 000 0 und d
020 _a0071005447
041 _aEnglish
082 _a105.23
_bLiu
100 _aC. L. Liu
245 0 _aElements of Discrete Mathematics
_cby C. L. Liu
260 _bTMH
_aNew Delhi
_c1985
300 _a433
650 _aBE Mathematics
942 _cBK
999 _c7025
_d7025